000 00579nam a2200229Ia 4500
003 OSt
005 20220924143932.0
006 a|||||r|||| 00| 0
007 ta
008 220923b |||||||| |||| 00| 0 urd d
024 _a311153
037 _cTextual
040 _aARTS
_cARTS
_burd
041 _2urd
_aurd
082 _aO168,1x.M8, J1
100 _aLucknawi Muhhizzib
_9216879
245 0 _aBazaar-e-sukhan
260 _c1951
650 _aURDU LITERATURE
942 _hO168,1x.M8, J1
_cTEXL
_2CC
999 _c455857
_d455857